000
00420nam a2200133Ia 4500
008
151001s9999||||xx |||||||||||||| ||und||
100
_a
सुदर्शन भाटीया
245
_a
सच्चा सुख निरोगी काया
250
_a
1
260
_b
राष्ट्रीय साहित्य प्रकाशन
260
_c
2007
300
_a
119
365
_b
21
999
_c
990995
_d
990992